00799nam a22002537a 45000010005000000030006000050050017000110080041000280200017000690400029000860500013001150820010001281000023001382450052001612600043002133000044002564900023003005050008003235200123003315210021004545210020004756500025004956500025005207410FISKH20250714101232.0250714b cb ||||| |||| 00| 0 eng d a070918089022 aFISKHbengcFISKHdFISKH aPZ7.D644 a813.6 aDixon, Franklin W. aThe house on the cliff / cBy Franklin W. Dixon aNew York : bGrosset & Dunlap ,c1987. a180 pages : billustrations ;c20 cm .  aThe Hardy Boys v2 aR  aTeenage detectives Frank and Joe Hardy investigate a supposedly haunted house reported to be the hangout of criminals.8 a740 bLexile 8 aR bRaz-Plus  aYoung adultvFiction aDetective vFicition